| 000 | 01181nam a2200337 4500 | ||
|---|---|---|---|
| 001 | 177585 | ||
| 003 | ES-MaACL | ||
| 005 | 20250728050424.0 | ||
| 008 | 110404s2009 sp ab |||| | spa d | ||
| 017 | _aM-16.670-2009 | ||
| 020 | _a978-84-8489-431-5 | ||
| 020 | _a978-84-00-08820-0 | ||
| 080 | _a316.74(460):32(091) | ||
| 080 | _a930.85(8=134) | ||
| 080 | _a930.85(460) | ||
| 245 | 0 | 0 |
_aModernidad iberoamericana _b: cultura, política y cambio social / _cFrancisco Colom González (ed.). |
| 260 |
_aMadrid : _bIberoamericana : _bCSIC ; _aFrankfurt am Main : _bVervuert, _c2009. |
||
| 300 |
_a588 p. : _bil., mapas ; _c23 cm. |
||
| 490 | 1 |
_aTiempo emulado ; _v7 |
|
| 504 | _aReferencias bibliográficas. | ||
| 650 | 4 |
_aCultura política- _zAmérica latina. _9145972 |
|
| 650 | 4 |
_aCultura política- _zEspaña. _9145973 |
|
| 651 | 4 |
_aAmérica Latina- _xCivilización _97742 |
|
| 651 | 4 |
_aEspaña- _xCivilización. _98163 |
|
| 700 | 1 |
_aColom González, Francisco. _939798 |
|
| 830 | 1 |
_aTiempo emulado ; _v7 _9190006 |
|
| 852 |
_aES-MaACL _dOlim:N-4095 _9R.145713 _cDEPO1 |
||
| 942 |
_2udc _cMONOGRAFIA |
||
| 999 |
_c177585 _d177585 |
||